000 01363nam a2200205 a 4500
008 180524e1989 ag ||||| |||| 00| f spa d
020 _a9500408759
041 _aspa
092 _c808
_l77
_sSAN
100 1 _aSanders, Lawrence
_93965
245 4 _aLos ardides de Timothy /
_cLawrence Sanders
250 _a1a ed.
260 _aBuenos Aires:
_bEmecé;
_c1989.
300 _a366 p.
500 _aSanders, L. (1989). Los ardides de Timothy. (1a ed.). Buenos Aires : Emecé.
505 _aTimothy Cone, recordado protagonista de Los archivos de Timothy, conoce Wall Street como nadie. Su manera de vestirse no es inmaculada y no siempre suele estar sobrio, pero es un detective duro y sagaz, que se mueve como pez en el agua en el submundo de las finanzas neoyorquinas. Timothy se enfrenta ahora con tres nuevos casos, todos igualmente peligrosos: la mujer audaz que trama un ingenioso golpe especulativo; el asesinato de un empresario megalómano, odiado por muchos, pero muerto por una sola persona; y el caso de la empresa de productos alimenticios china, amenazada por complicadas rivalidades mafiosas. Los ardides de Timothy combina diversas características y los ambientes mas inusitados en un poderoso cocktail de acción e intriga, ágil y entretenido.
590 _aDONACION Victoria Lara mayo 2018
655 _aLiteratura
_92917
942 _2ddc
_cLIT
999 _c2768
_d2768